Craniale zenuwen - Statistieken

Algemene statistieken
  • Deze quiz is 27 keer genomen
  • De gemiddelde score is 9 van 12
Antwoordstatistieken
Hint Antwoord % Correct
Sensorisch, reukprikkels vervoeren naar hersenen (I) olfactorius
91%
Sensorisch, visuele prikkels geleiden (II) opticus
91%
Motorisch, oogbeweging (III) oculomotorius
82%
Motorisch, groot aantal lichaamsfuncties (X) vagus
82%
Motorisch, hoofd draaien en schouders optrekken (XI) accessorius
73%
Sensorisch, smaakwaarnemingMotorisch, aangezichtsspieren besturen + secretie traan, slijm, speeksel (VII) facialis
73%
Motorisch, oogbeweging (IV) trochlearis
73%
Motorisch, oogbeweging (VI) abducens
64%
Motorisch, tongspieren (XII) hypoglossus
64%
Sensorisch, gevoeligheid voorhoofd, oog, neus, hersenvliezenMotorisch, besturen kauwspieren (V) trigeminus
64%
Sensorisch, informatie evenwichtSensorisch, gehoor (VIII) vestibulocochlearis
64%
Sensorisch, smaak en gevoel in de tongMotorisch, spreken en slikken (IX) glossopharyngeus
55%
Geen overeenkomende quizzen gevonden
Scoreverdeling
Procent van Mensen met Elke Score
Percentiel versus Aantal Correcte Antwoorden
Uw Scoregeschiedenis
U heeft deze quiz nog niet genomen